Statistics for Biggest 20 Countries by Population 1700

Click here to take the quiz!

General Stats

  • This quiz has been taken 35 times
  • The average score is 11 of 20

Answer Stats

PopulationCountry% Correct
14.000.000Russia
91%
23.200.000Spain
91%
21.471.000France
88%
8.900.000United Kingdom
88%
2.300.000Portugal
82%
28.000.000Japan
79%
24.000.000Ottoman Empire
79%
2.500.000Sweden
73%
12.200.000Korea
64%
15.000.000Holy Roman Empire
61%
210.000.000Qing
61%
1.700.000Netherlands
58%
9.000.000Poland-Lithuania
58%
5.171.000Vietnam
33%
1.650.000Morocco
30%
8.340.000Habsburg Monarchy
27%
5.000.000Safavid
27%
158.000.000Mughals
18%
3.000.000Nepal
15%
2.500.000Ayutthaya
9%

Score Distribution

Percentile by Number Answered

Percent of People with Each Score

Your Score History

You have not taken this quiz